Woke racism (Record no. 5313)

MARC details
000 -CABECERA
campo de control de longitud fija 03425cam a2200373 i 4500
001 - NÚMERO DE CONTROL
campo de control 9821554
003 - IDENTIFICADOR DEL NÚMERO DE CONTROL
campo de control CaAEU
005 - FECHA Y HORA DE LA ÚLTIMA TRANSACCIÓN
campo de control 20260128122449.0
008 - DATOS DE LONGITUD FIJA--INFORMACIÓN GENERAL
campo de control de longitud fija 210626t20212021nyu b 001 0 eng
010 ## - NÚMERO DE CONTROL DE LA BIBLIOTECA DEL CONGRESO
Número de control de LC 2021024506
020 ## - NÚMERO INTERNACIONAL ESTÁNDAR DEL LIBRO
Número Internacional Estándar del Libro 9780593423066
Información calificativa (hardcover)
035 ## - NÚMERO DE CONTROL DEL SISTEMA
Número de control de sistema on1252762785
037 ## - FUENTE DE ADQUISICIÓN
Fuente del número de adquisición Penguin Group USA, Attn: Order Processing 405 Murray Hill Pkwy, East Rutherford, NJ, USA, 07073-2136
Nota SAN 201-3975
039 ## - NIVEL DE CONTROL BIBLIOGRÁFICO Y DETALLES DE CODIFICACIÓN [OBSOLETO]
Nivel de reglas en descripción bibliográfica exclude
040 ## - FUENTE DE LA CATALOGACIÓN
Centro catalogador/agencia de origen LBSOR/DLC
Lengua de catalogación eng
Normas de descripción rda
Centro/agencia transcriptor DLC
Centro/agencia modificador OCLCO
-- OCLCF
-- TOH
-- OCO
-- YDX
-- JTH
-- YUS
-- CLU
-- OCLCQ
-- KYC
-- JPL
-- AEVC
041 ## - CÓDIGO DE LENGUA
Código de lengua del texto/banda sonora o título independiente EN
042 ## - CÓDIGO DE AUTENTICACIÓN
Código de autenticación pcc
043 ## - CÓDIGO DE ÁREA GEOGRÁFICA
Código de área geográfica n-us---
050 00 - SIGNATURA TOPOGRÁFICA DE LA BIBLIOTECA DEL CONGRESO
Número de clasificación E185.86
Número de documento/Ítem .M4273 2021
100 ## - ENTRADA PRINCIPAL--NOMBRE DE PERSONA
Nombre de persona McWhorter, John H.,
Término indicativo de función/relación author.
9 (RLIN) 26699
245 10 - MENCIÓN DE TÍTULO
Título Woke racism
Resto del título : how a new religion has betrayed Black America
Mención de responsabilidad, etc. / John McWhorter.
264 #1 - PRODUCCIÓN, PUBLICACIÓN, DISTRIBUCIÓN, FABRICACIÓN Y COPYRIGHT
Producción, publicación, distribución, fabricación y copyright New York, NY :
Nombre del de productor, editor, distribuidor, fabricante Portfolio/Penguin, an imprint of Penguin Random House LLC,
Fecha de producción, publicación, distribución, fabricación o copyright [2021]
264 #4 - PRODUCCIÓN, PUBLICACIÓN, DISTRIBUCIÓN, FABRICACIÓN Y COPYRIGHT
Fecha de producción, publicación, distribución, fabricación o copyright ©2021
300 ## - DESCRIPCIÓN FÍSICA
Extensión xv, 201 pages ;
Dimensiones 24 cm
500 ## - NOTA GENERAL
Nota general Place of publication from publisher's Web site.
504 ## - NOTA DE BIBLIOGRAFÍA, ETC.
Nota de bibliografía, etc. Includes bibliographical references and index.
505 0# - NOTA DE CONTENIDO CON FORMATO
Nota de contenido con formato What kind of people? — The new religion — What attracts people to this religion? — What's wrong with it being a religion? : it hurts Black people — Beyond "dismantling structures" : saving Black America for real — How do we work around them?
520 ## - SUMARIO, ETC.
Sumario, etc. "Acclaimed linguist and award-winning writer John McWhorter argues that an illiberal neoracism, disguised as antiracism, is hurting Black communities and weakening the American social fabric. Americans of good will on both the left and the right are secretly asking themselves the same question: how has the conversation on race in America gone so crazy? We're told read books and listen to music by people of color but that wearing certain clothes is "appropriation." We hear that being white automatically gives you privilege and that being Black makes you a victim. We want to speak up but fear we'll be seen as unwoke, or worse, labeled a racist. According to John McWhorter, the problem is that a well-meaning but pernicious form of antiracism has become, not a progressive ideology, but a religion--and one that's illogical, unreachable, and unintentionally neoracist. In Woke Racism, McWhorter reveals the workings of this new religion, from the original sin of "white privilege" and the weaponization of cancel culture to ban heretics, to the evangelical fervor of the "woke mob." He shows how this religion that claims to "dismantle racist structures" is actually harming his fellow Black Americans by infantilizing Black people, setting Black students up for failure, and passing policies that disproportionately damage Black communities. The new religion might be called "antiracism," but it features a racial essentialism that's barely distinguishable from racist arguments of the past. Fortunately for Black America, and for all of us, it's not too late to push back against woke racism. McWhorter shares scripts and encouragement with those trying to deprogram friends and family. And most importantly, he offers a roadmap to justice that actually will help, not hurt, Black America"--
Fuente proveedora Provided by publisher
650 #0 - PUNTO DE ACCESO ADICIONAL DE MATERIA--TÉRMINO DE MATERIA
Término de materia o nombre geográfico como elemento de entrada African Americans
Subdivisión general Social conditions
Subdivisión cronológica 1975-
9 (RLIN) 26700
650 #0 - PUNTO DE ACCESO ADICIONAL DE MATERIA--TÉRMINO DE MATERIA
Término de materia o nombre geográfico como elemento de entrada Anti-racism
Subdivisión geográfica United States.
650 #0 - PUNTO DE ACCESO ADICIONAL DE MATERIA--TÉRMINO DE MATERIA
Término de materia o nombre geográfico como elemento de entrada Race discrimination
Subdivisión geográfica United States.
650 #0 - PUNTO DE ACCESO ADICIONAL DE MATERIA--TÉRMINO DE MATERIA
Término de materia o nombre geográfico como elemento de entrada Whites
Subdivisión general Attitudes
Subdivisión geográfica United States.
9 (RLIN) 26702
942 ## - ELEMENTOS DE ENTRADA AGREGADA (KOHA)
Fuente del sistema de clasificación o colocación Clasificación de Library of Congress
Holdings
Estado de retiro Estado de pérdida Fuente del sistema de clasificación o colocación Estado dañado No para préstamo Biblioteca de origen Biblioteca actual Fecha de adquisición Total de préstamos Signatura topográfica completa Fecha visto por última vez Número de copia Precio válido a partir de Tipo de ítem Koha Nota pública
    Clasificación de Library of Congress     TBS Barcelona TBS Barcelona 28/01/2026   E185.615 MCH 28/01/2026 1 28/01/2026 Book SOON AVAILABLE

Powered by Koha